MARC

LEADER 00000nam0a2200000 4500
001 317515
005 20260310133245.0
035 |a (RuTPU)RU\TPU\book\342983 
090 |a 317515 
100 |a 20160411d1917 km y0engy50 ba 
101 0 |a eng 
102 |a US 
105 |a y z 001zy 
200 1 |a Circular of information with special refernce to the colleges of Letters and Shience, Commerce, Agriculture, Mechanics, Mining, Civil Engineering, and Chemistry and the Schools of Architecture, Education, and Jurisprudence 1917-1918  |e Published by the Regents of the University of California  |f University of California 
210 |a Berkeley  |c University of California Press  |d 1917 
215 |a 200 p. 
225 1 |a University of California Bulletin  |v Trird Series Vol. XI, № 2 
320 |a Index: p. 197-200 
606 1 |a Высшее образование  |x В отдельных зарубежных странах  |2 stltpush  |3 (RuTPU)RU\TPU\subj\3995  |9 32315 
610 1 |a университеты 
610 1 |a университетское образование 
610 1 |a США 
610 1 |a Калифорния 
610 1 |a профессорско-преподавательский состав 
610 1 |a информация 
610 1 |a информационные бюллетени 
610 1 |a циркуляры 
610 1 |a календарь 
610 1 |a события 
610 1 |a администрация 
610 1 |a регенты 
610 1 |a колледжи 
610 1 |a школы 
610 1 |a факультеты 
610 1 |a фонды 
610 1 |a поступление 
610 1 |a правила 
610 1 |a студенты 
610 1 |a зачисление 
610 1 |a учебные планы 
610 1 |a обучение 
610 1 |a статистика 
610 1 |a английский язык 
686 |a Ч484(4/.8)  |2 rubbk 
712 0 2 |a University of California  |4 570  |9 24891 
801 1 |a RU  |b 63413507  |c 20160411 
801 2 |a RU  |b 63413507  |c 20231017  |g RCR 
830 |a Нежелательнаяорганизация 
942 |c BK